banner-ar

الشعارات و الهتافات الفكاهية فى الثورة المصرية : (Record no. 61644)

MARC details
000 -الفاتح
حقل البيانات ثابتة الطول 01058nam a22002297a 4500
005 - وقت وتاريخ اخر تعامل مع التسجيلة
رقم الضبط 20240530110509.0
008 - عناصر البيانات ثابتة الطول - معلومات عامة
حقل البيانات ثابتة الطول 151026s2011 ua a f 000 0 ara d
017 ## - رقم الايداع القانونى
رقم الايداع القانونى 2011/5984
المصدر ( الهيئة المختصة) مصر . دار الكتب المصرية
040 ## - مصدر الفهرسة
وكالة الفهرسة الأصلية EG-CaGPL
082 04 - رقم تصنيف ديوى العشرى
رقم الطبعة 21
رقم التصنيف 303.4
رقم المادة ق/س ش
100 0# - المدخل الرئيسى - إسم شخصى
الإسم الشخصى سمير الحفناوى .
245 10 - بيان العنوان
العنوان الشعارات و الهتافات الفكاهية فى الثورة المصرية :
بقية العنوان دراسة وثائقية و تحليلية فى سيكلوجية الشخصية المصرية و اثرها الايجابى على المجتمع الدولى المعاصر /
بيان المسئوليه,etc تاليف سمير الحفناوى .
250 ## - بيان الطبعة
بيان الطبعة ط1.
260 ## - PUBLICATION, DISTRIBUTION, ETC. (IMPRINT)
تاريخ النشر أو التوزيع 2011 .
300 ## - الوصف المادى
التعداد 320 ص ؛
أبعاد الوعاء 24 سم .
650 04 - المدخل الاضافى بالموضوع-مصطلح موضوعى
مصطلح موضوعي ثورة 25 يناير
التقسيم الفرعي الشكلي صور .
650 04 - المدخل الاضافى بالموضوع-مصطلح موضوعى
مصطلح موضوعي ثورة 25 يناير .
650 04 - المدخل الاضافى بالموضوع-مصطلح موضوعى
مصطلح موضوعي ثورة 25 يناير
التقسيم الفرعي العام كاريكاتير .
650 04 - المدخل الاضافى بالموضوع-مصطلح موضوعى
مصطلح موضوعي ثورة 25 يناير
التقسيم الفرعي العام شعارات .
942 ## - عناصر المدخل الإضافي( كوها)
مصدر التصنيف او مخطط الترفيف Dewey Decimal Classification
Koha [default] item type كتاب
260 ## - PUBLICATION, DISTRIBUTION, ETC. (IMPRINT)
-- القاهرة :
-- مكتبة جزيرة الورد ،
Holdings
حالة التراجع حالة الفقد حالة تلف ليس للاعارة المكان المؤقت الموقع الحالى تاريخ الاكتساب اجمالي اﻻعارات رقم الطلب الباركود تاريخ اخر مشاهدة تاريخ تفعيل السعر نوع وعاء كوها
        مكتبة القاهرة الكبرى مكتبة القاهرة الكبرى 10/26/2015   303.4 ق/س ش 160991 10/05/2022 10/26/2015 كتاب

Powered By

EGPV